| 000 | 00509nam a2200181Ia 4500 | ||
|---|---|---|---|
| 999 |
_c14645 _d14645 |
||
| 003 | OSt | ||
| 005 | 20201116130151.0 | ||
| 008 | 190216s9999||||xx |||||||||||||| ||und|| | ||
| 020 | _a9780143064343 | ||
| 040 | _coclc | ||
| 082 |
_a823 _bMEE/Y |
||
| 100 |
_aMeenakshi _96617 |
||
| 245 | 0 |
_aYou Are Here / _cMeenakshi ; Reddy ; Madhavan |
|
| 260 |
_bPenguin Books, _c2008. _aEngland: |
||
| 300 | _a255p | ||
| 650 | _aEnglish-Fiction English | ||
| 942 |
_cBK _2ddc _h823 _iMEE/Y _k823 _mMEE/Y |
||